000
00208 a2200097 4500
001
25654
100
_a
Jameelah, M
245
_a
Islam and modernism
260
_a
_b
M Yusuf Khan
_c
1968
090
_c
17348
_d
17348
942
_a
NUST-CAE
_c
M
_c
8167
999
_c
260727
_d
260727